|
|
|
|
| LEADER |
03182nam a2200577 4500 |
| 001 |
978-3-319-58307-5 |
| 003 |
DE-He213 |
| 005 |
20191024111927.0 |
| 007 |
cr nn 008mamaa |
| 008 |
170810s2018 gw | s |||| 0|eng d |
| 020 |
|
|
|a 9783319583075
|9 978-3-319-58307-5
|
| 024 |
7 |
|
|a 10.1007/978-3-319-58307-5
|2 doi
|
| 040 |
|
|
|d GrThAP
|
| 050 |
|
4 |
|a HD30.2
|
| 072 |
|
7 |
|a KJQ
|2 bicssc
|
| 072 |
|
7 |
|a BUS083000
|2 bisacsh
|
| 072 |
|
7 |
|a KJQ
|2 thema
|
| 082 |
0 |
4 |
|a 658.4038
|2 23
|
| 245 |
1 |
0 |
|a Business Process Management Cases
|h [electronic resource] :
|b Digital Innovation and Business Transformation in Practice /
|c edited by Jan vom Brocke, Jan Mendling.
|
| 250 |
|
|
|a 1st ed. 2018.
|
| 264 |
|
1 |
|a Cham :
|b Springer International Publishing :
|b Imprint: Springer,
|c 2018.
|
| 300 |
|
|
|a XVI, 610 p. 292 illus., 2 illus. in color.
|b online resource.
|
| 336 |
|
|
|a text
|b txt
|2 rdacontent
|
| 337 |
|
|
|a computer
|b c
|2 rdamedia
|
| 338 |
|
|
|a online resource
|b cr
|2 rdacarrier
|
| 347 |
|
|
|a text file
|b PDF
|2 rda
|
| 490 |
1 |
|
|a Management for Professionals,
|x 2192-8096
|
| 505 |
0 |
|
|a Introduction -- Part I: Strategy and Governance -- Part II: Methods -- Part III: Information Technology -- Part IV: People and Culture.
|
| 520 |
|
|
|a This book is the first to present a rich selection of over 30 real-world cases of how leading organizations conduct Business Process Management (BPM). The cases stem from a diverse set of industry sectors and countries on different continents, reporting on best practices and lessons learned. The book showcases how BPM can contribute to both exploitation and exploration in a digital world. All cases are presented using a uniform structure in order to provide valuable insights and essential guidance for students and practitioners.
|
| 650 |
|
0 |
|a Management information systems.
|
| 650 |
|
0 |
|a Industrial management.
|
| 650 |
|
0 |
|a Application software.
|
| 650 |
|
0 |
|a Organization.
|
| 650 |
|
0 |
|a Planning.
|
| 650 |
|
0 |
|a Economic sociology.
|
| 650 |
1 |
4 |
|a Business Process Management.
|0 http://scigraph.springernature.com/things/product-market-codes/522020
|
| 650 |
2 |
4 |
|a Information Systems Applications (incl. Internet).
|0 http://scigraph.springernature.com/things/product-market-codes/I18040
|
| 650 |
2 |
4 |
|a Business Information Systems.
|0 http://scigraph.springernature.com/things/product-market-codes/522030
|
| 650 |
2 |
4 |
|a Organization.
|0 http://scigraph.springernature.com/things/product-market-codes/516000
|
| 650 |
2 |
4 |
|a Organizational Studies, Economic Sociology.
|0 http://scigraph.springernature.com/things/product-market-codes/X22020
|
| 700 |
1 |
|
|a vom Brocke, Jan.
|e editor.
|4 edt
|4 http://id.loc.gov/vocabulary/relators/edt
|
| 700 |
1 |
|
|a Mendling, Jan.
|e editor.
|4 edt
|4 http://id.loc.gov/vocabulary/relators/edt
|
| 710 |
2 |
|
|a SpringerLink (Online service)
|
| 773 |
0 |
|
|t Springer eBooks
|
| 776 |
0 |
8 |
|i Printed edition:
|z 9783319583068
|
| 776 |
0 |
8 |
|i Printed edition:
|z 9783319583082
|
| 776 |
0 |
8 |
|i Printed edition:
|z 9783319863726
|
| 830 |
|
0 |
|a Management for Professionals,
|x 2192-8096
|
| 856 |
4 |
0 |
|u https://doi.org/10.1007/978-3-319-58307-5
|z Full Text via HEAL-Link
|
| 912 |
|
|
|a ZDB-2-BUM
|
| 950 |
|
|
|a Business and Management (Springer-41169)
|